| 000 | 00498nam a2200193Ia 4500 | ||
|---|---|---|---|
| 008 | 170705s9999 xx 000 0 und d | ||
| 020 | _a9780439689007 | ||
| 245 | 4 | _aThe tricky rabbit : | |
| 245 | _bAfrican-American trickster tales / | ||
| 245 | _cWalt Flood ; illustrated by Nathan Jurevicius. | ||
| 260 | _aNew York : | ||
| 260 | _bScholastic, | ||
| 260 | _c2004 | ||
| 300 | _a30 pages : | ||
| 300 | _bcolor illustration ; | ||
| 300 | _c19cm. | ||
| 440 | _aRead 180. | ||
| 500 | _a540 | ||
| 999 |
_c336864 _d336864 |
||